00279nam a2200133Ia 45000030006000000080041000060400015000471000015000622450020000772500010000972600009001075460012001160050017001280STCL150530s9999 xx 000 0 und d aSTCLcSTCL aWarner, O. aHakluyt to cook aFirst c1958 aEnglish20220125171150.0